| 000 | 00830 a2200217 4500 | ||
|---|---|---|---|
| 001 | 48624 | ||
| 005 | 20260407155751.0 | ||
| 008 | 260407a2018 arg spa d | ||
| 003 | AR-UNSa-BCEJYS | ||
| 040 |
_aAR-UNSa-BCEJYS _bspa _cAR-UNSa-BCEJYS |
||
| 080 |
_a311.3:622 _xEstadística Oficial en Minería |
||
| 245 | 1 | 0 |
_aCenso nacional a la actividad minera. CENAM17 _presultados estadísticos 2016 |
| 264 | 1 |
_aBuenos Aires : _bINDEC _c2018 |
|
| 300 |
_a196 p. _c25 cm. |
||
| 505 | _a1. Introducción - 2. Metodología - 3. Principales resultados - 4. Resultados por provincia | ||
| 041 | _aspa | ||
| 942 | _cBK | ||
| 590 | _aniveau_biblio:m niveau_hierar:0 | ||
| 100 | 1 | _aInstituto Nacional de Estadística y Censos (INDEC) | |
| 856 | 4 | 1 |
_uhttps://www.biblioeco.unsa.edu.ar/pmb/images/libros/D00083 _yImagen de portada _qimage/jpeg |
| 999 |
_c4652 _d4652 |
||